000 00891nam a2200301Ia 4500
001 B3419
003 IT-RoPAU
008 130308s9999 xx 000 0 und d
040 _aIT-RoPAU
040 _cIT-RoPAU
041 _aINGLESE
100 _aRokem Freddie
100 _gCodice Aut. SPICS: 37618
245 _aCathartic Experience (The). The Role of the Spectator in the Theatre
245 _bApproches de L'Opera-Approaches Of The Opera
250 _a1a ed.
260 _aPARIS
260 _bDidier Erudition
260 _c1986 [1° Ed.:1986 - Ed.Ling.Originale:1986]
300 _a"8 p. (prefazione: no ; testo: 8 [pagine: 225-232])"
500 _aEsperienza Catartica. ruolo Dello spettatore nel Teatro. livello della Catarsi.
650 _aGENERI MUSICALI
650 _eCodice materia Spics: 7010
942 _cBK
957 _71
999 _c59270
_d59270
999 _bSI
999 _g1